| 000 | 00905cab a2200289 4500 | ||
|---|---|---|---|
| 001 | ABS56338 | ||
| 008 | 090401t1996 xxu||||| |||| 00| 0 eng d | ||
| 035 | _a(Sirsi) u22973 | ||
| 041 | _aeng | ||
| 100 | _aSimmons, M. | ||
| 245 | _aThames Gateway - towards sustainable development | ||
| 260 | _c1996 | ||
| 350 | _a0 | ||
| 490 |
_aTown & Country Planning _v65(12) December 1996, 332-336(5) |
||
| 520 | _aConsiders the key issues of sustainable development in the planning of Thames Gateway. Looks at Thamesmead, Chafford Hundred, Ebbsfleet and Dartford Marshes developments. | ||
| 650 | _aCHAFFORD HUNDRED | ||
| 650 | _aDARTFORD MARSHES | ||
| 650 | _aEBBSFLEET | ||
| 650 | _aSERPLAN | ||
| 650 | _aSUSTAINABLE DEVELOPMENT | ||
| 650 | _aTHAMES GATEWAY | ||
| 650 | _aTHAMESMEAD | ||
| 690 | _aPROPERTY-PROPERTY DEVELOPMENT | ||
| 700 | _aKennedy, K | ||
| 942 | _n0 | ||
| 948 | _c04/03/1997 | ||
| 999 |
_c15401 _d15401 |
||